Etre indien dans les Amériques: spoliations et résistance mobilisations ethniques et politiques du multiculturalisme

Na minha lista:
Detalhes bibliográficos
Formato: Desconhecido
Publicado em: s.l.: Institut des Amériques
Assuntos:
Tags: Adicionar Tag
Sem tags, seja o primeiro a adicionar uma tag!

MARC

LEADER 00000 a2200000 04500
001 34331
003
008 991231s d
040
020 |a 2-915310-02-5  
022 |a 2-915310-02-5  
090 |a 1001 G877e  
245 |a Etre indien dans les Amériques: spoliations et résistance mobilisations ethniques et politiques du multiculturalisme  
260 |a s.l.:   |b Institut des Amériques  
650 |a EDUCACION  
650 |a POBLACION INDIGENA  
650 |a LENGUAS INDIGENAS  
650 |a PARTICIPACION SOCIAL  
650 |a EXCLUSION SOCIAL  
650 |a ASPECTOS ECONOMICOS  
650 |a MEDIO CULTURAL  
650 |a IDENTIDAD SOCIAL  
650 |a AMERICA LATINA  
999 |c 10412  |d 10412